Sports Quiz

Random Sports or Asia Quiz
Score 0/10 Timer 05:00
0 Plays Today
Ranking Player % Correct
3Kyung-Ju Choi
91.7%
1Thongchai Jaidee
77.8%
4Anirban Lahiri
69.6%
10Seung-Hyuk Kim
66.7%
2Hyung-Sung Kim
64%
6Seung-Yul Noh
61.1%
8Kiradech Aphibarnrat
60.9%
5Sang-Moon Bae
55.6%
9Prayad Marksaeng
21.7%
7Antonio Lascuna
16.7%
Remove Ads.
Support Sporcle.
Get the best of Sporcle when you Go Orange. This ad-free experience offers more features, more stats, and more fun while also helping to support Sporcle. Thank you for becoming a member.

You're not logged in!

Compare scores with friends on all Sporcle quizzes.
OR
Log In

Show Comments

Extras

Top Quizzes Today


Score Distribution

Your Account Isn't Verified!

In order to create a playlist on Sporcle, you need to verify the email address you used during registration. Go to your Sporcle Settings to finish the process.

Report this User

Report this user for behavior that violates our Community Guidelines.

Details: